Pengenalan pengajian bandar
| Main Author: | |
|---|---|
| Format: | Book |
| Published: |
Petaling Jaya :
Penerbit Fajar Bakti ,
1989
|
| Subjects: |
MARC
| LEADER | 00000cam a2200000 7i4500 | ||
|---|---|---|---|
| 001 | 0000002704 | ||
| 005 | 20050623.0 | ||
| 020 | |a 9676509035 | ||
| 040 | |a INS | ||
| 090 | 0 | 0 | |a HT371. |b M83 1989 |
| 100 | 1 | |a Mohd Aris Hj Othman | |
| 245 | 1 | 0 | |a Pengenalan pengajian bandar |c Mohd Aris Hj Othman |
| 260 | |a Petaling Jaya : |b Penerbit Fajar Bakti , |c 1989 | ||
| 300 | |a vip : |b 175p ; |c 23cm. | ||
| 500 | |a Includes index | ||
| 650 | 0 | 0 | |a City planning |
| 999 | |a 0000003684 |b BOOK |c Open Shelf |e Default branch | ||